Statistics for Five Shortest Country Names by Continent

Click here to take the quiz!

General Stats

  • This quiz has been taken 2,143 times
  • The average score is 22 of 30

Answer Stats

Continent Country % Correct
AfricaBenin, Egypt, Gabon, ...
92%
EuropeFrance, Greece, Kosovo, ...
91%
AsiaChina, India, Japan, ...
91%
South AmericaPeru
90%
OceaniaFiji
89%
North AmericaBelize, Canada, Mexico, ...
87%
South AmericaChile
84%
North AmericaCuba
82%
South AmericaBrazil
82%
OceaniaTonga
78%
South AmericaBolivia, Ecuador, Uruguay
78%
OceaniaNauru
77%
EuropeAlbania, Andorra, Austria, ...
76%
OceaniaPalau
76%
OceaniaSamoa
76%
EuropeSpain
75%
AfricaTogo
73%
AfricaChad
71%
North AmericaHaiti
67%
South AmericaGuyana
67%
EuropeItaly
65%
AsiaIran
65%
AsiaIraq
64%
AfricaMali
64%
AsiaLaos
62%
North AmericaBahamas, Grenada, Jamaica
61%
AfricaAngola, Gambia, Guinea, ...
59%
AsiaOman
55%
North AmericaBarbados, Dominica, Honduras
53%
EuropeMalta
53%

Score Distribution

Percentile by Number Answered

Percent of People with Each Score

Your Score History

You have not taken this quiz